Top 10 najlepszych piłkarzy w historii piłki nożnej. - Statystyki

Ogólne statystyki
  • Ten quiz został rozwiązany 441 razy
  • Średni wynik to 6 z 10
Statystyki odpowiedzi
Hint Odpowiedź % Poprawnych
ARG Messi
98%
ARG Maradona
94%
BRA Pele
94%
BRA Ronaldo
89%
FRA Zidane
71%
HUN Puskas
57%
NED Cruyff
51%
FRA Platini
31%
ARG di Stefano
22%
BRA Garrincha
20%
Nie znaleziono quizów pasujących do podanych kryteriów
Rozkład punktacji
Procent ludzi z każdym wynikiem
Percentyl według liczby udzielonych odpowiedzi
Twoja historia wyników
Nie rozwiązałeś tego quizu